Quel est le prénom de ce joueur de foot ? - Statistiques

Statistiques générales
  • Ce quiz a été pris 143 fois
  • Le résultat moyen est 8 sur 15
Statistiques - réponses
Hint Réponse % Correct
BELLINGHAM Jude
95%
LEWANDOWSKI Robert
93%
FODEN Phil
89%
CAUTERUCCIO Martín
84%
ÖDEGAARD Martin
84%
SAKA Bukayo
75%
GÜNDOGAN Ilkay
66%
BECKENBAUER Franz
65%
STINDL Lars
42%
GYÖKERES Viktor
24%
RUTTER Georginio
22%
AFIF Akram
16%
O'RILEY Matthew
6%
KAMARA Abu
1%
ACKERMANN Facundo
1%
Aucun quiz correspondant
Distribution des résultats
% des personnes avec chaque résultat
Percentile par nombre de réponses
Votre historique - résultats
Vous n’avez pas pris ce quiz